000 00551nam a2200193Ia 4500
005 20250923145923.0
008 008 250917s9999 xx 000 0 eng d
037 _aTextual
040 _aDSWL
_beng
_cDSWL
041 _aeng
_2eng
084 _aX9B.1(Y:43-4), N87
_qDSWL
245 0 _aDoing a feasiblility study
_cEd. by S. Kindervatter
260 _aWashington
_bWashington O.E.F. Inb.
_c1987
300 _a173p.
365 _aINR
_b77.50
925 _g77.50
942 _cTEXL
_hX9B.1(Y:43-4), N87
999 _c1457369
_d1457369